Statistics for Red Star Belgrade 2021/2022

Click here to take the quiz!

General Stats

  • This quiz has been taken 93 times
    (90 since last reset)
  • The average score is 17 of 30

Answer Stats

POSNATPLAYER% Correct
GKCANMilan Borjan
100%
MDGABGuelor Kanga
89%
MDSRBAleksandar Katai
87%
MDMNEMirko Ivanic
85%
DFAUSAleksandar Dragovic
83%
MDCOMEl Fardu Ben
83%
GKSRBZoran Popovic
81%
COACHSRBDejan Stankovic
80%
DFSRBMilan Rodic
80%
DFSRBStrahinja Erakovic
76%
DFSRBMarko Gobeljic
72%
FWSRBMilan Pavkov
70%
MDSRBNikola Stankovic
70%
MDITAFilipo Falco
63%
MDIVOSekou Sanogo
63%
DFSRBRadovan Pankov
59%
DFITACristiano Piccini
50%
FWNETRichario Zivkovic
44%
MDSRBSlavoljub Srnic
44%
FWFRALoic Diony
43%
MDSRBVeljko Nikolic
43%
DFSRBMilan Gajic
41%
FWNOROhi Omoijuanfo
41%
GKSRBMilos Gordic
39%
MDSRBNenad Krsticic
35%
FWFRAAxel Bakayoko
33%
MDSRBPetar Stanic
20%
FWSRBAndrija Radulovic
11%
GKSRBStefan Marinkovic
9%
DFSRBAndrej Djuric
7%

Score Distribution

Percentile by Number Answered

Percent of People with Each Score

Your Score History

You have not taken this quiz since the last reset